[Event "Vallfogona de Balaguer Farre Mem 2nd"]
[Site "Vallfogona de Balaguer"]
[Date "2023.06.03"]
[Round "8"]
[White "Badia Mas, Jordi"]
[Black "Lopez Minguella, Armand"]
[Result "1-0"]
[WhiteElo "2156"]
[BlackElo "1876"]
[PlyCount "97"]
[EventDate "2023.04.15"]
[EventType "swiss"]
[EventRounds "8"]
[EventCountry "ESP"]
[SourceTitle "EXT 2024"]
[Source "ChessBase"]
[SourceDate "2023.10.10"]
[SourceVersion "1"]
[SourceVersionDate "2023.10.10"]
[SourceQuality "1"]

1. d4 c5 2. d5 e5 3. e4 d6 4. Bb5+ Nd7 5. a4 a6 6. Bd3 Ngf6 7. Nc3 Be7 8. Nf3 0-0 9. 0-0 Ne8 10. Be3 g6 11. Nd2 Bg5 12. Nc4 Bxe3 13. Nxe3 Ng7 14. a5 b5 15. axb6 Nxb6 16. Ra2 f5 17. f3 Qg5 18. Qd2 Nh5 19. Rfa1 Nf4 20. Bf1 h5 21. Kh1 h4 22. Nc4 Nxc4 23. Bxc4 Qh5 24. Qf2 h3 25. g3 Ng2 26. Be2 Qh6 27. Bf1 Qe3 28. Qxe3 Nxe3 29. Bxh3 Nxc2 30. Rf1 Nb4 31. Raa1 Nd3 32. Nb5 Bd7 33. Nxd6 Nxb2 34. Rfb1 Nd3 35. Kg1 Rab8 36. Rxb8 Rxb8 37. exf5 gxf5 38. Bf1 Nb4 39. Rc1 Bb5 40. Nxb5 axb5 41. Rxc5 Kf7 42. Rxb5 Rxb5 43. Bxb5 Nxd5 44. Bc4 Ke6 45. Kf2 Kd6 46. Bxd5 Kxd5 47. Ke3 Ke6 48. h4 Kf6 49. g4 1-0

[Event "Almansa op-B"]
[Site "Almansa"]
[Date "2022.08.14"]
[Round "8"]
[White "Clemente Grande, Daniel"]
[Black "Lopez Minguella, Armand"]
[Result "1/2-1/2"]
[WhiteElo "1592"]
[BlackElo "1849"]
[PlyCount "99"]
[EventDate "2022.08.10"]
[EventType "swiss"]
[EventRounds "8"]
[EventCountry "ESP"]
[SourceTitle "CBM 210 Extra"]
[Source "ChessBase"]
[SourceDate "2022.11.30"]
[SourceVersion "1"]
[SourceVersionDate "2022.11.30"]
[SourceQuality "1"]

1. d4 d5 2. Nf3 Nf6 3. e3 e6 4. Bd3 c5 5. c3 Nc6 6. Nbd2 Bd6 7. 0-0 0-0 8. Qe2 Re8 9. e4 e5 10. dxc5 Bxc5 11. exd5 Nxd5 12. Nb3 Be7 13. Qc2 g6 14. Rd1 Qc7 15. h3 b6 16. Be4 Nf6 17. Bxc6 Qxc6 18. Nxe5 Qc7 19. Nf3 Bf5 20. Qe2 Bd6 21. Qf1 Be6 22. Qd3 Rad8 23. Nbd4 Bc4 24. Qc2 Bc5 25. Bg5 Kg7 26. Re1 h6 27. Bh4 Bd5 28. Rad1 Qb7 29. Qc1 Bxd4 30. Nxd4 Bxg2 31. Nf5+ gxf5 32. Bxf6+ Kg6 33. Bxd8 Rxe1+ 34. Rxe1 Bxh3 35. f3 Qxf3 36. Qd2 Qg3+ 37. Kh1 Bg4 38. Re3 Bf3+ 39. Rxf3 Qxf3+ 40. Qg2+ Qg4 41. b4 Kh5 42. Qxg4+ fxg4 43. Kg2 Kg6 44. c4 Kf5 45. c5 bxc5 46. bxc5 Ke6 47. c6 Kd6 48. c7 Kd7 49. Kg3 h5 50. Kf4 1/2-1/2

[Event "Almansa op-B"]
[Site "Almansa"]
[Date "2022.08.13"]
[Round "7"]
[White "Lopez Minguella, Armand"]
[Black "Sicilia Laino, Juan Diego"]
[Result "1-0"]
[WhiteElo "1849"]
[BlackElo "1900"]
[PlyCount "67"]
[EventDate "2022.08.10"]
[EventType "swiss"]
[EventRounds "8"]
[EventCountry "ESP"]
[SourceTitle "CBM 210 Extra"]
[Source "ChessBase"]
[SourceDate "2022.11.30"]
[SourceVersion "1"]
[SourceVersionDate "2022.11.30"]
[SourceQuality "1"]

1. e4 c5 2. Nf3 Nc6 3. Bb5 g6 4. Bxc6 bxc6 5. d3 Bg7 6. h3 e5 7. Be3 d6 8. 0-0 Ne7 9. Qd2 0-0 10. Bh6 f5 11. Bxg7 Kxg7 12. Qe2 f4 13. Nbd2 h6 14. c3 g5 15. d4 cxd4 16. cxd4 exd4 17. Nxd4 c5 18. N4b3 Nc6 19. Rfd1 Ne5 20. Nf3 Nxf3+ 21. Qxf3 Qb6 22. e5 Bb7 23. Qc3 d5 24. Nxc5 Rac8 25. e6+ Kg8 26. b4 Qc6 27. Qd3 Rf6 28. Qd4 Rg6 29. Rac1 Qb6 30. Qd3 Rg7 31. Nxb7 Rxc1 32. Rxc1 Qxb7 33. Rc5 g4 34. Rxd5 1-0

[Event "Vallfogona de Balaguer Farre Mem 1st"]
[Site "Vallfogona de Balaguer"]
[Date "2022.05.14"]
[Round "4"]
[White "Lopez Minguella, Armand"]
[Black "Niubo Parramon, Edgar"]
[Result "1-0"]
[WhiteElo "1833"]
[BlackElo "1501"]
[PlyCount "62"]
[EventDate "2022.04.23"]
[EventType "swiss"]
[EventRounds "8"]
[EventCountry "ESP"]
[SourceTitle "EXT 2023"]
[Source "ChessBase"]
[SourceDate "2022.10.05"]
[SourceVersion "1"]
[SourceVersionDate "2022.10.05"]
[SourceQuality "1"]

1. e4 d5 2. exd5 Qxd5 3. d4 Nf6 4. Nf3 Bf5 5. c4 Qd6 6. Nc3 c6 7. g3 g6 8. Bg2 Bg7 9. 0-0 0-0 10. Re1 Na6 11. Qb3 Qb4 12. Qd1 Rad8 13. a3 Qd6 14. Bf4 Qd7 15. Qb3 Rfe8 16. Rad1 Qc8 17. Nh4 Be6 18. d5 cxd5 19. cxd5 Nc5 20. Qa2 Bh3 21. b4 Na6 22. Nb5 Bxg2 23. Kxg2 Qa8 24. Nf3 b6 25. d6 exd6 26. Nxd6 Rf8 27. Rd3 Ne8 28. Rxe8 Rdxe8 29. Nxe8 Rxe8 30. Rd7 Re6 31. Qc4 Nb8 1-0

[Event "Vallfogona de Balaguer Farre Mem 1st"]
[Site "Vallfogona de Balaguer"]
[Date "2022.05.07"]
[Round "3"]
[White "Martinez Lopez, Ivan"]
[Black "Lopez Minguella, Armand"]
[Result "1-0"]
[WhiteElo "2207"]
[BlackElo "1833"]
[PlyCount "65"]
[EventDate "2022.04.23"]
[EventType "swiss"]
[EventRounds "8"]
[EventCountry "ESP"]
[SourceTitle "EXT 2023"]
[Source "ChessBase"]
[SourceDate "2022.10.05"]
[SourceVersion "1"]
[SourceVersionDate "2022.10.05"]
[SourceQuality "1"]

1. Nf3 c5 2. c4 Nc6 3. g3 g6 4. Bg2 Bg7 5. 0-0 Nh6 6. Nc3 Nf5 7. e3 0-0 8. a3 b6 9. b3 Bb7 10. Bb2 d6 11. Qc2 e6 12. Ne2 Qd7 13. Bxg7 Kxg7 14. Qb2+ Kg8 15. d4 Rad8 16. Rfd1 Qe7 17. Rd2 Rfe8 18. e4 Nfxd4 19. Nexd4 cxd4 20. Nxd4 Nxd4 21. Rxd4 Qf6 22. e5 Qe7 23. Bxb7 Qxb7 24. exd6 Rd7 25. Rad1 Red8 26. h4 Qc6 27. Qd2 f6 28. Qd3 e5 29. Rd5 Kf7 30. b4 e4 31. Qd4 f5 32. c5 Re8 33. Qc4 1-0

[Event "Torroella de Montgri U2200 2nd"]
[Site "Torroella de Montgri"]
[Date "2019.09.08"]
[Round "7.4"]
[White "Lopez Minguella, Armand"]
[Black "Mas Mestres, Jordi"]
[Result "1/2-1/2"]
[WhiteElo "1867"]
[BlackElo "1861"]
[PlyCount "117"]
[EventDate "2019.09.06"]
[EventType "swiss"]
[EventRounds "7"]
[EventCountry "ESP"]
[SourceTitle "EXT 2024"]
[Source "ChessBase"]
[SourceDate "2023.10.10"]
[SourceVersion "1"]
[SourceVersionDate "2023.10.10"]
[SourceQuality "1"]

1. e4 c5 2. Nf3 d6 3. Bb5+ Bd7 4. Bxd7+ Qxd7 5. 0-0 Nc6 6. c3 Nf6 7. Re1 g6 8. d4 cxd4 9. cxd4 Bg7 10. Nc3 0-0 11. b3 Rfd8 12. Bb2 Rac8 13. Qd2 a6 14. Rac1 b5 15. d5 Ne5 16. Nxe5 dxe5 17. Qe2 Qa7 18. Red1 Bh6 19. Rc2 b4 20. Na4 Rxc2 21. Qxc2 Ng4 22. Bc1 Bf4 23. g3 Bxc1 24. Rxc1 e6 25. Qc5 Qxc5 26. Rxc5 exd5 27. Rxd5 Rxd5 28. exd5 Nf6 29. Nc5 Nxd5 30. Nxa6 f5 31. Kf1 Kf7 32. Ke1 Ke7 33. Kd2 e4 34. Nc5 Kd6 35. Na4 Kc6 36. Nb2 Kc5 37. Nc4 Kd4 38. a4 bxa3 39. Nxa3 e3+ 40. fxe3+ Nxe3 41. Nc2+ Nxc2 42. Kxc2 g5 43. Kd2 f4 44. gxf4 gxf4 45. h4 f3 46. h5 f2 47. Ke2 f1Q+ 48. Kxf1 Kc3 49. Kg2 Kxb3 50. Kg3 Kc4 51. Kg4 Kd5 52. Kf5 Kd6 53. Kf6 Kd7 54. Kf7 Kd6 55. Kf6 Kd7 56. h6 Ke8 57. Kg7 Ke7 58. Kg8 Ke8 59. Kxh7 1/2-1/2

[Event "La Pobla de Lillet op-A 29th"]
[Site "La Pobla de Lillet"]
[Date "2019.08.10"]
[Round "9"]
[White "Ayza Ballester, Jordi"]
[Black "Lopez Minguella, Armand"]
[Result "1-0"]
[WhiteElo "2181"]
[BlackElo "1789"]
[PlyCount "109"]
[EventDate "2019.08.02"]
[EventType "swiss"]
[EventRounds "9"]
[EventCountry "ESP"]
[SourceTitle "EXT 2022"]
[Source "ChessBase"]
[SourceDate "2021.10.06"]
[SourceVersion "1"]
[SourceVersionDate "2021.10.06"]
[SourceQuality "1"]

1. e4 c5 2. Nf3 d6 3. d4 cxd4 4. Nxd4 Nf6 5. Nc3 g6 6. Be3 Bg7 7. f3 0-0 8. Bc4 Nc6 9. Bb3 Bd7 10. Qd2 Nxd4 11. Bxd4 b5 12. 0-0 Qc7 13. Kh1 Rab8 14. Bxf6 Bxf6 15. Nd5 Qc5 16. Nxf6+ exf6 17. Rad1 Rb6 18. Qa5 Qc7 19. Rd5 Be6 20. Rxb5 Bxb3 21. Rxb3 Qxc2 22. Rxb6 axb6 23. Qxb6 Rc8 24. h3 Qd2 25. Qf2 Qd3 26. Qe1 Rc2 27. Rf2 Rxf2 28. Qxf2 Qb1+ 29. Kh2 Qxa2 30. Qd4 Qe6 31. b4 Kf8 32. b5 Ke7 33. f4 h5 34. Qb4 Qc8 35. e5 fxe5 36. fxe5 Qc5 37. exd6+ Qxd6+ 38. Qxd6+ Kxd6 39. Kg3 Kc5 40. Kf4 f6 41. Ke4 Kxb5 42. Kd5 g5 43. Ke6 g4 44. hxg4 hxg4 45. Kxf6 g3 46. Kf5 Kc5 47. Kf4 Kd5 48. Kxg3 Ke6 49. Kg4 Kf6 50. Kh5 Kg7 51. Kg5 Kg8 52. Kg6 Kh8 53. g4 Kg8 54. g5 Kf8 55. Kh7 1-0

[Event "Barcelona Lleida op"]
[Site "Barcelona"]
[Date "2019.05.25"]
[Round "6.6"]
[White "Lopez Minguella, Armand"]
[Black "Codina Garcia, Jose"]
[Result "1/2-1/2"]
[WhiteElo "1693"]
[BlackElo "2081"]
[PlyCount "51"]
[EventDate "2019.04.06"]
[EventType "swiss"]
[EventRounds "9"]
[EventCountry "ESP"]
[SourceTitle "EXT 2024"]
[Source "ChessBase"]
[SourceDate "2023.10.10"]
[SourceVersion "1"]
[SourceVersionDate "2023.10.10"]
[SourceQuality "1"]

1. e4 e6 2. d4 d5 3. Nd2 Be7 4. e5 b6 5. Ngf3 Qd7 6. Be2 Ba6 7. 0-0 Bxe2 8. Qxe2 c5 9. c4 Nc6 10. Nb3 cxd4 11. Nbxd4 Nxd4 12. Nxd4 Bc5 13. Nb3 Ne7 14. Rd1 0-0 15. Be3 Bxe3 16. Qxe3 Qb7 17. Rac1 dxc4 18. Rxc4 Rfd8 19. Rxd8+ Rxd8 20. Rd4 Rd5 21. Rxd5 Qxd5 22. Qd4 h6 23. Qxd5 Nxd5 24. Nc1 Kf8 25. Kf1 Ke7 26. Nd3 1/2-1/2

[Event "Lleida-ch"]
[Site "Almenar"]
[Date "2018.10.07"]
[Round "2"]
[White "Lopez Minguella, Armand"]
[Black "Gensana Berzunces, Joan"]
[Result "0-1"]
[WhiteElo "1742"]
[BlackElo "1914"]
[PlyCount "88"]
[EventDate "2018.09.30"]
[EventType "swiss"]
[EventRounds "9"]
[EventCountry "ESP"]
[SourceTitle "CBM 187 Extra"]
[Source "ChessBase"]
[SourceDate "2018.11.04"]
[SourceVersion "1"]
[SourceVersionDate "2018.11.04"]
[SourceQuality "1"]

1. e4 e5 2. Nf3 Nc6 3. Bb5 a6 4. Ba4 Nf6 5. 0-0 b5 6. Bb3 Be7 7. Re1 d6 8. h3 Na5 9. d4 exd4 10. Bd2 Nxb3 11. axb3 c5 12. Ba5 Qd7 13. Nbd2 0-0 14. b4 Bb7 15. bxc5 dxc5 16. e5 Nd5 17. Ne4 Nf4 18. Kh2 Ne6 19. Qe2 Qd5 20. Qd2 Qd7 21. Rad1 Bxe4 22. Rxe4 Bd8 23. Ra1 Bxa5 24. Rxa5 Rfd8 25. Ra1 Qc7 26. Kg1 a5 27. Ng5 Nxg5 28. Qxg5 Ra6 29. Qf5 Re6 30. Ra3 Rde8 31. Qf3 Rxe5 32. Rxe5 Qxe5 33. Ra1 g6 34. Qc6 Rb8 35. g3 a4 36. Ra3 c4 37. Rf3 Re8 38. Qd7 Re7 39. Qd8+ Kg7 40. Kg2 Qe4 41. Qb8 Re6 42. Qf4 Qxf4 43. Rxf4 Re2 44. Rxd4 Rxc2 0-1

[Event "Salou op U2300 3rd"]
[Site "Salou"]
[Date "2018.04.29"]
[Round "4"]
[White "Domene Mulyukov, Alexander"]
[Black "Lopez Minguella, Armand"]
[Result "0-1"]
[WhiteElo "1466"]
[BlackElo "1685"]
[PlyCount "52"]
[EventDate "2018.04.28"]
[EventType "swiss"]
[EventRounds "7"]
[EventCountry "ESP"]
[SourceTitle "CBM 184 Extra"]
[Source "ChessBase"]
[SourceDate "2018.06.28"]
[SourceVersion "1"]
[SourceVersionDate "2018.06.28"]
[SourceQuality "1"]

1. e4 c5 2. Nf3 Nc6 3. d4 cxd4 4. Nxd4 g6 5. Be3 Bg7 6. Nc3 Nf6 7. f3 0-0 8. Qd2 d5 9. exd5 Nxd5 10. Nxc6 bxc6 11. Bd4 e5 12. Bc5 Re8 13. 0-0-0 Be6 14. Ne4 Qc7 15. g4 Rad8 16. Qf2 Qa5 17. a3 Rd7 18. h4 Rb8 19. Be2 Rdb7 20. Nd6 Rxb2 21. Nb5 R2xb5 22. Bxb5 Qxb5 23. Bxa7 Qb2+ 24. Kd2 Qc3+ 25. Ke2 Rb2 26. Rd2 Nf4+ 0-1

[Event "Sant Gregori Ajuntament op 2nd"]
[Site "Sant Gregori"]
[Date "2017.07.06"]
[Round "4.9"]
[White "Lopez Minguella, Armand"]
[Black "Vinolas Anglada, Laura"]
[Result "0-1"]
[WhiteElo "1832"]
[BlackElo "1690"]
[PlyCount "178"]
[EventDate "2017.07.03"]
[EventType "swiss"]
[EventRounds "7"]
[EventCountry "ESP"]
[SourceTitle "EXT 2024"]
[Source "ChessBase"]
[SourceDate "2023.10.10"]
[SourceVersion "1"]
[SourceVersionDate "2023.10.10"]
[SourceQuality "1"]

1. e4 e6 2. d4 b6 3. Nf3 Bb7 4. Nc3 Bb4 5. Bd3 Nf6 6. e5 Ne4 7. Bd2 Nxd2 8. Qxd2 0-0 9. a3 Bxc3 10. Qxc3 d6 11. h4 Nd7 12. 0-0-0 Rc8 13. Rh2 dxe5 14. Nxe5 Nxe5 15. dxe5 Qe7 16. Rdh1 c5 17. h5 Qg5+ 18. Kb1 Bxg2 19. Rg1 c4 20. Bf1 Rfd8 21. Bxg2 Qf4 22. Qg3 Qxg3 23. fxg3 Rd2 24. Bb7 Rxh2 25. Bxc8 Rxh5 26. Rd1 h6 27. Ba6 Rxe5 28. Bxc4 Rg5 29. Rd8+ Kh7 30. Bd3+ g6 31. Rd7 Kg7 32. Rxa7 Rxg3 33. Rb7 h5 34. Rxb6 h4 35. Rb4 g5 36. Re4 h3 37. Re2 Rg2 38. Re3 g4 39. Be4 Rf2 40. Rg3 f5 41. Bc6 h2 42. a4 Rf1+ 43. Ka2 Rg1 44. Rb3 g3 45. a5 f4 46. Rb7+ Kf6 47. a6 h1Q 48. Bxh1 Rxh1 49. a7 g2 50. a8Q g1Q 51. Qf8+ Ke5 52. Rb6 Ke4 53. Qb4+ Qd4 54. Qxd4+ Kxd4 55. Rb4+ Ke3 56. Rb3+ Ke2 57. Rb4 f3 58. Re4+ Kd2 59. Rxe6 f2 60. Rf6 f1Q 61. Rxf1 Rxf1 62. c3 Rc1 63. Kb3 Kd3 64. Ka3 Kc4 65. Ka2 Rc2 66. Ka3 Rd2 67. Ka2 Kb5 68. Kb3 Re2 69. Ka3 Re8 70. Kb3 Rc8 71. Kc2 Ka4 72. b3+ Kb5 73. Kd3 Ra8 74. Kc2 Rd8 75. Kb2 Rd2+ 76. Ka3 Rd3 77. Kb2 Kc5 78. Kc2 Rd7 79. Kb2 Kd5 80. Kc2 Ke4 81. b4 Kd5 82. Kb3 Rc7 83. b5 Kc5 84. c4 Rd7 85. Ka4 Rb7 86. Kb3 Rd7 87. Ka4 Kxc4 88. Ka5 Rd5 89. Ka6 Rxb5 0-1

[Event "Amposta Balague Memorial 3rd"]
[Site "Amposta"]
[Date "2016.08.01"]
[Round "1"]
[White "Lopez Minguella, Armand"]
[Black "Iagar, Razvan Gabriel"]
[Result "0-1"]
[WhiteElo "1586"]
[BlackElo "2148"]
[PlyCount "48"]
[EventDate "2016.08.01"]
[EventType "swiss"]
[EventRounds "9"]
[EventCountry "ESP"]
[SourceTitle "CBM 173 Extra"]
[Source "ChessBase"]
[SourceDate "2016.08.29"]
[SourceVersion "1"]
[SourceVersionDate "2016.08.29"]
[SourceQuality "1"]

1. e4 e6 2. d4 d5 3. Nd2 c5 4. c3 cxd4 5. cxd4 dxe4 6. Nxe4 Bb4+ 7. Nc3 Nf6 8. Bb5+ Bd7 9. Bxd7+ Qxd7 10. Nge2 Nc6 11. 0-0 0-0 12. Bg5 Nd5 13. Nxd5 Qxd5 14. Be3 Rfd8 15. Nf4 Qd7 16. Qg4 Bf8 17. Nh5 Kh8 18. Rad1 Nb4 19. Bh6 f5 20. Bxg7+ Bxg7 21. Qxg7+ Qxg7 22. Nxg7 Kxg7 23. a3 Nc6 24. Rc1 Rxd4 0-1